[Event "I Torneo Tecnológico Bali"]
[Site "Benidorm ESP"]
[Date "2007.12.04"]
[Round "4.5"]
[White "Contreras Poblete, Juan Antonio"]
[Black "O'Neill de Tyrone y Daneyko, Jose Antonio"]
[Result "1/2-1/2"]
[WhiteElo "1883"]
[BlackElo "2045"]
[PlyCount "135"]
[EventDate "2007.12.01"]
[EventType "swiss"]
[EventRounds "8"]
[EventCountry "ESP"]
[Source "lmi"]
[SourceDate "2007.12.01"]

1. d4 Nf6 2. Nf3 e6 3. Bf4 b6 4. e3 Bb7 5. Nbd2 Be7 6. Bd3 Nh5 7. Bg3 d6 8. Qe2
Nd7 9. c3 a5 10. O-O O-O 11. e4 a4 12. Rfe1 Ndf6 13. Nc4 g6 14. Rad1 Qd7 15.
Na3 Nxg3 16. hxg3 d5 17. exd5 Nxd5 18. Ne5 Qd8 19. Qc2 c6 20. Be4 Qc7 21. Qd2
Rfe8 22. Nc2 Bd6 23. Bf3 b5 24. Ne3 f6 25. Nd3 Rad8 26. b4 axb3 27. Ng4 Qg7 28.
Nh6+ Kh8 29. axb3 g5 30. Ng4 h5 31. Ne3 Nxe3 32. Qxe3 g4 33. Be2 Qg5 34. Qxg5
fxg5 35. Nc5 Bc8 36. Bd3 e5 37. Ne4 Bc7 38. Nxg5 Kg7 39. Kf1 exd4 40. cxd4 Bb6
41. Rxe8 Rxe8 42. Be4 Bd7 43. d5 c5 44. Bc2 Re5 45. Ne4 Bf5 46. f3 c4 47. bxc4
bxc4 48. Rb1 Bd4 49. Rb7+ Kf8 50. d6 Ra5 51. Ke2 Bxe4 52. Bxe4 Ra2+ 53. Kd1
Ra1+ 54. Kc2 Ra2+ 55. Kc1 Be3+ 56. Kb1 Rd2 57. d7 Ke7 58. fxg4 hxg4 59. Bf5 c3
60. Rb8 c2+ 61. Bxc2 Kxd7 62. Be4 Kd6 63. Rc8 Ke5 64. Bb7 Kd4 65. Rc2 Rxc2 66.
Kxc2 Bf2 67. Bc8 Bxg3 68. Bxg4 1/2-1/2

[Event "I Torneo Tecnológico Bali"]
[Site "Benidorm ESP"]
[Date "2007.12.04"]
[Round "4.6"]
[White "Orfali, Marcelo"]
[Black "Cañizares Cuadra, Pedro"]
[Result "1-0"]
[WhiteElo "2097"]
[BlackElo "1918"]
[PlyCount "59"]
[EventDate "2007.12.01"]
[EventType "swiss"]
[EventRounds "8"]
[EventCountry "ESP"]
[Source "lmi"]
[SourceDate "2007.12.01"]

1. e4 c5 2. Nf3 d6 3. Bb5+ Bd7 4. Bxd7+ Qxd7 5. O-O Nc6 6. c4 Nf6 7. Nc3 g6 8.
d4 cxd4 9. Nxd4 Bg7 10. Nde2 O-O 11. f3 a6 12. a4 e6 13. Bg5 Qc7 14. Kh1 Qa5
15. Bh4 Nd7 16. f4 Nc5 17. Rb1 Qb4 18. Qxd6 Qxc4 19. e5 Rfc8 20. Qd1 Bxe5 21.
b3 Qb4 22. Na2 Qa3 23. fxe5 Qxa2 24. Nc3 Nxe5 25. Nxa2 Rd8 26. Bxd8 Rxd8 27.
Qxd8+ Kg7 28. Qf6+ Kg8 29. Rbd1 Nxa4 30. Rd8# 1-0

[Event "I Torneo Tecnológico Bali"]
[Site "Benidorm ESP"]
[Date "2007.12.04"]
[Round "4.7"]
[White "Rodriguez Gonzalez, Alex"]
[Black "Frick, Christoph"]
[Result "1-0"]
[WhiteElo "2088"]
[BlackElo "2265"]
[PlyCount "97"]
[EventDate "2007.12.01"]
[EventType "swiss"]
[EventRounds "8"]
[EventCountry "ESP"]
[Source "lmi"]
[SourceDate "2007.12.01"]

1. e4 c5 2. Nc3 Nc6 3. f4 e6 4. Nf3 Nge7 5. d4 cxd4 6. Nxd4 Nxd4 7. Qxd4 Nc6 8.
Qd2 Bb4 9. b3 d5 10. a3 Ba5 11. b4 Bb6 12. Bb2 O-O 13. O-O-O dxe4 14. Nxe4
Qxd2+ 15. Nxd2 Be3 16. b5 Ne7 17. g3 a6 18. bxa6 Rd8 19. Bd3 bxa6 20. Rhe1 Bf2
21. Re2 Ba7 22. Be4 Rb8 23. Be5 Rb5 24. Ree1 f6 25. Nc4 Rxd1+ 26. Rxd1 Rd5 27.
Bxd5 exd5 28. Bd4 Bxd4 29. Rxd4 dxc4 30. Kd2 Kf7 31. Kc3 Nc6 32. Rd2 g5 33.
Kxc4 gxf4 34. gxf4 Na5+ 35. Kc5 Bf5 36. Re2 Bg4 37. Re3 Kg6 38. Re7 Bf3 39. Kb6
Nc6 40. Rc7 Nd8 41. c4 Ne6 42. Rd7 Nxf4 43. Kxa6 Be2 44. Kb5 Nd3 45. a4 Ne5 46.
Rd4 Nf3 47. Rd5 Ne5 48. Rc5 Nd3 49. Rc8 1-0

[Event "I Torneo Tecnológico Bali"]
[Site "Benidorm ESP"]
[Date "2007.12.04"]
[Round "4.10"]
[White "Maseda Iglesias, Luis"]
[Black "Schmidt, Raul"]
[Result "0-1"]
[WhiteElo "1976"]
[BlackElo "2145"]
[PlyCount "120"]
[EventDate "2007.12.01"]
[EventType "swiss"]
[EventRounds "8"]
[EventCountry "ESP"]
[Source "lmi"]
[SourceDate "2007.12.01"]

1. d4 d5 2. c4 c6 3. Nf3 e6 4. e3 Nf6 5. Nc3 Nbd7 6. Bd3 dxc4 7. Bxc4 b5 8. Bd3
Bb7 9. O-O a6 10. e4 c5 11. d5 Qc7 12. dxe6 fxe6 13. Bc2 c4 14. Nd4 Nc5 15. Qe2
Bd6 16. f4 e5 17. Ndxb5 axb5 18. Nxb5 Qb6 19. Nxd6+ Qxd6 20. fxe5 Qxe5 21. Rf5
Qe7 22. Qxc4 Rc8 23. Qb5+ Ncd7 24. Ba4 Bc6 25. Qa6 O-O 26. Bxc6 Nb8 27. Qc4+
Kh8 28. e5 Rxc6 29. Qd3 Ng4 30. Bg5 Qc5+ 31. Be3 Nxe3 32. Rxf8+ Qxf8 33. Qxe3
Qe7 34. a4 h6 35. h3 Re6 36. Qc3 Nc6 37. a5 Qa7+ 38. Kh1 Qa6 39. b4 Rxe5 40.
Rc1 Re6 41. Qc4 Qxc4 42. Rxc4 Kg8 43. g4 Kf8 44. Kh2 g6 45. Kg3 Ke8 46. h4 Kd7
47. Rf4 Ke7 48. g5 h5 49. Kf2 Kd6 50. a6 Kd5 51. Rf8 Na7 52. Rf6 Nb5 53. Kf1
Ke5 54. Ke2 Rd6 55. Ke3 Na7 56. Rxd6 Kxd6 57. Kf4 Kd5 58. Ke3 Nb5 59. Kf4 Kd6
60. Kf3 Kc6 0-1

[Event "I Torneo Tecnológico Bali"]
[Site "Benidorm ESP"]
[Date "2007.12.04"]
[Round "4.11"]
[White "Bendayan Claros, Aaron"]
[Black "Sahelices Casado, Roberto"]
[Result "1-0"]
[WhiteElo "1922"]
[BlackElo "2117"]
[PlyCount "166"]
[EventDate "2007.12.01"]
[EventType "swiss"]
[EventRounds "8"]
[EventCountry "ESP"]
[Source "lmi"]
[SourceDate "2007.12.01"]

1. d4 Nf6 2. c4 e6 3. Nf3 b6 4. Nc3 Bb7 5. a3 d5 6. cxd5 exd5 7. Bf4 Bd6 8. Bg3
O-O 9. e3 c5 10. Be2 Bxg3 11. hxg3 Qe7 12. Rc1 Nbd7 13. O-O Rfc8 14. dxc5 bxc5
15. Qa4 c4 16. Nd4 a5 17. Qc2 Nc5 18. Rfd1 g6 19. Na4 Nxa4 20. Qxa4 Nd7 21. Bg4
Nc5 22. Qc2 f5 23. Bf3 Nd3 24. Rb1 a4 25. Ne2 Rc5 26. Rd2 Raa5 27. Nf4 Ba6 28.
Qc3 g5 29. Nh5 Ne5 30. Be2 Rab5 31. f4 Nd7 32. Bd1 g4 33. Bxa4 Qf7 34. Bxb5
Bxb5 35. Qa5 Qxh5 36. Rxd5 Qe8 37. Rbd1 Qxe3+ 38. Kh2 Rc6 39. Qd8+ Nf8 40. Rd6
Rxd6 41. Rxd6 Qe4 42. Qg5+ Ng6 43. Qf6 Nf8 44. Rd4 Qe6 45. Qxe6+ Nxe6 46. Rd5
Ba4 47. Rxf5 Bc2 48. Rb5 Kf7 49. Rb4 Bd3 50. a4 Ke7 51. a5 Nc5 52. Rb6 Nd7 53.
Rc6 Nb8 54. Rc5 Nd7 55. Rc8 c3 56. Rxc3 Ba6 57. Rc6 Bb5 58. Rc8 Kd6 59. Kg1 Ba6
60. Rh8 Nf6 61. b4 Bc4 62. Rc8 Be2 63. Rd8+ Nd7 64. Ra8 Kc7 65. Rg8 Kd6 66. Kf2
Bd3 67. Rxg4 Nf6 68. Rh4 h5 69. Ke3 Bf1 70. Kd4 Bxg2 71. b5 Bf1 72. b6 Ba6 73.
Rh1 Bb7 74. Ra1 Ba6 75. Re1 Nd5 76. Re5 Nb4 77. Rxh5 Nc6+ 78. Kc3 Ne7 79. Rh6+
Kd7 80. Rh7 Kd6 81. g4 Nd5+ 82. Kb3 Ne7 83. g5 Nd5 1-0

[Event "I Torneo Tecnológico Bali"]
[Site "Benidorm ESP"]
[Date "2007.12.06"]
[Round "5.2"]
[White "Fenollar Jorda, Manuel"]
[Black "Molina Cabaleiro, Juan Jose"]
[Result "1/2-1/2"]
[WhiteElo "2261"]
[BlackElo "1840"]
[PlyCount "60"]
[EventDate "2007.12.01"]
[EventType "swiss"]
[EventRounds "8"]
[EventCountry "ESP"]
[Source "lmi"]
[SourceDate "2007.12.01"]

1. e4 e5 2. Nf3 Nf6 3. d4 Nxe4 4. Bd3 d5 5. Nxe5 Nd7 6. Nxd7 Bxd7 7. O-O Bd6 8.
c4 c6 9. cxd5 cxd5 10. Nc3 Nxc3 11. bxc3 O-O 12. Qh5 g6 13. Qxd5 Qc7 14. Bh6
Rfe8 15. h3 Be6 16. Qg5 Qxc3 17. Rfd1 f5 18. Rac1 Qa3 19. Bb5 Re7 20. d5 Bf7
21. Qd2 Re4 22. Rc4 Rxc4 23. Bxc4 Be5 24. Bf4 Bd6 25. Bb3 Re8 26. g3 Re4 27.
Rc1 Bxf4 28. Rc8+ Kg7 29. gxf4 Qd6 30. Qc3+ Kh6 1/2-1/2

[Event "I Torneo Tecnológico Bali"]
[Site "Benidorm ESP"]
[Date "2007.12.06"]
[Round "5.3"]
[White "O'Neill de Tyrone y Daneyko, Jose Antonio"]
[Black "Jordan Martinez, David"]
[Result "1/2-1/2"]
[WhiteElo "2045"]
[BlackElo "2146"]
[PlyCount "135"]
[EventDate "2007.12.01"]
[EventType "swiss"]
[EventRounds "8"]
[EventCountry "ESP"]
[Source "lmi"]
[SourceDate "2007.12.01"]

1. e4 c5 2. Nf3 d6 3. Nc3 Nf6 4. Bc4 Nc6 5. O-O e6 6. d3 Be7 7. Bf4 e5 8. Bd2
O-O 9. a4 Bd7 10. h3 a6 11. Nd5 Nxd5 12. Bxd5 Be6 13. c3 Qd7 14. a5 h6 15. Qa4
Rac8 16. Ra3 Rc7 17. Rfa1 Bf6 18. Rb3 Rcc8 19. Be3 Bd8 20. Rba3 f5 21. Qc4 Bxd5
22. Qxd5+ Rf7 23. Bd2 Bf6 24. Re1 f4 25. Rea1 h5 26. Be1 Ne7 27. Qb3 d5 28. Nd2
dxe4 29. dxe4 Rd8 30. Qc4 Nc6 31. f3 Qd3 32. Qxd3 Rxd3 33. Nc4 Rfd7 34. Kf1 Rd8
35. Nb6 Kf7 36. Nd5 Ne7 37. c4 Rxa3 38. Rxa3 Nc6 39. Bf2 Nd4 40. Bxd4 cxd4 41.
Nxf6 gxf6 42. Rb3 Rd7 43. Ke2 f5 44. Rb6 fxe4 45. fxe4 Rc7 46. b3 h4 47. Kd3
Kf8 48. Rf6+ Rf7 49. Rf5 Rxf5 50. exf5 Kf7 51. b4 Kf6 52. c5 Kxf5 53. b5 e4+
54. Kxd4 axb5 55. c6 bxc6 56. a6 c5+ 57. Kxc5 e3 58. a7 e2 59. a8=Q e1=Q 60.
Qf8+ Kg6 61. Qd6+ Kf5 62. Qf8+ Kg5 63. Qg7+ Kf5 64. Qg4+ Ke5 65. Qg5+ Ke6 66.
Qg6+ Kd7 67. Qd6+ Ke8 68. Qxf4 1/2-1/2

[Event "I Torneo Tecnológico Bali"]
[Site "Benidorm ESP"]
[Date "2007.12.06"]
[Round "5.4"]
[White "Rodriguez Marcos, Jose Ramon"]
[Black "Orfali, Marcelo"]
[Result "1-0"]
[WhiteElo "2001"]
[BlackElo "2097"]
[PlyCount "78"]
[EventDate "2007.12.01"]
[EventType "swiss"]
[EventRounds "8"]
[EventCountry "ESP"]
[Source "lmi"]
[SourceDate "2007.12.01"]

1. e4 c5 2. Nf3 e6 3. d4 cxd4 4. Nxd4 Nf6 5. Nc3 d6 6. Be3 Nc6 7. f3 a6 8. Qd2
Be7 9. O-O-O O-O 10. g4 Nd7 11. h4 Nde5 12. Nxc6 bxc6 13. Be2 Qa5 14. Kb1 Kh8
15. f4 Nd7 16. h5 Rb8 17. h6 g6 18. b3 e5 19. f5 Rg8 20. Bc4 Rf8 21. Rhf1 Qb4
22. fxg6 hxg6 23. Rxf7 Rxf7 24. Bxf7 Nb6 25. Qd3 Bxg4 26. Rg1 Rf8 27. Rxg4 Rxf7
28. a3 Qxa3 29. Bxb6 Qb4 30. Be3 Kh7 31. Rg1 Qb7 32. Kb2 Bf8 33. Qe2 Rf6 34.
Qg4 Qf7 35. Qc8 d5 36. exd5 cxd5 37. Rd1 Qe6 38. Qa8 Rf5 39. Nxd5 e4 1-0

[Event "I Torneo Tecnológico Bali"]
[Site "Benidorm ESP"]
[Date "2007.12.06"]
[Round "5.7"]
[White "Cañizares Cuadra, Pedro"]
[Black "Blanco Gutierrez, Pedro"]
[Result "0-1"]
[WhiteElo "1918"]
[BlackElo "2115"]
[PlyCount "198"]
[EventDate "2007.12.01"]
[EventType "swiss"]
[EventRounds "8"]
[EventCountry "ESP"]
[Source "lmi"]
[SourceDate "2007.12.01"]

1. e4 e5 2. Nf3 Nc6 3. Bc4 Bc5 4. b4 Bxb4 5. c3 Ba5 6. d4 exd4 7. O-O Nf6 8.
Ba3 d6 9. e5 Ne4 10. Re1 d5 11. Bb5 Bd7 12. Qb3 Ng5 13. Qxd5 Nxf3+ 14. Qxf3 Qg5
15. Bc1 Qg6 16. Bd3 Bg4 17. Bxg6 Bxf3 18. Bf5 g6 19. Bh3 Bd5 20. Rd1 Be4 21.
cxd4 Bc2 22. Rf1 Bd3 23. d5 Nxe5 24. Rd1 O-O 25. Bd2 Bb6 26. Nc3 Bc4 27. Rab1
f5 28. Be3 Rf6 29. g3 Bxe3 30. fxe3 Rb6 31. Bf1 Bxf1 32. Rxf1 Nc4 33. Rxb6 axb6
34. e4 fxe4 35. Rf4 Rf8 36. Rxe4 Nd6 37. Re7 Rf7 38. Re3 Rd7 39. a4 Kf7 40. Kf2
Re7 41. Rf3+ Kg7 42. Rd3 Kf8 43. Rd2 Kf7 44. Rd3 Re5 45. g4 h5 46. Rg3 h4 47.
Rf3+ Ke7 48. Rf4 g5 49. Rb4 Kd7 50. Rd4 Re7 51. h3 Re5 52. Rb4 Re8 53. Rd4 c5
54. dxc6+ bxc6 55. Rd1 Kc7 56. Rd4 Re5 57. Kf3 Re1 58. Rd2 Rf1+ 59. Kg2 Rf4 60.
Re2 Kd7 61. Ra2 Rc4 62. Nd1 Kc7 63. Kf3 c5 64. Ke2 Re4+ 65. Kf3 Rd4 66. Ke2 Kb7
67. Ra3 Rb4 68. Ra2 Ka6 69. Ra3 Ka5 70. Rd3 Ne4 71. Rd5 Ng3+ 72. Kd3 Rxa4 73.
Rxg5 Ra3+ 74. Kc2 Ne2 75. Kd2 Nd4 76. Rh5 Rxh3 77. Ne3 b5 78. Kd3 Nb3 79. g5
c4+ 80. Ke4 Nd2+ 81. Kd4 c3 82. Nc2 Rg3 83. g6 Nb3+ 84. Ke4 Rxg6 85. Rh8 Rg4+
86. Kf3 Rc4 87. Ke3 b4 88. Ra8+ Kb5 89. Rb8+ Ka4 90. Kd3 Na5 91. Ne3 Rd4+ 92.
Kxd4 Nc6+ 93. Kd3 Nxb8 94. Nd1 Kb3 95. Nf2 c2 96. Kd2 h3 97. Kc1 h2 98. Kd2 Kb2
99. Ke2 Kb1 0-1

[Event "I Torneo Tecnológico Bali"]
[Site "Benidorm ESP"]
[Date "2007.12.06"]
[Round "5.9"]
[White "Ruiz Alonso, Carlos"]
[Black "Aledo Lopez, Angel"]
[Result "1-0"]
[WhiteElo "1697"]
[BlackElo "1100"]
[PlyCount "67"]
[EventDate "2007.12.01"]
[EventType "swiss"]
[EventRounds "8"]
[EventCountry "ESP"]
[Source "lmi"]
[SourceDate "2007.12.01"]

1. e4 d6 2. d4 Nf6 3. Nc3 g6 4. Be3 Bg7 5. Qd2 Nc6 6. Nf3 d5 7. exd5 Nxd5 8.
Nxd5 Qxd5 9. c4 Qd6 10. O-O-O Bg4 11. d5 Bxf3 12. gxf3 Ne5 13. c5 Qd7 14. Be2
O-O 15. Qc2 b5 16. h4 Nc4 17. Bxc4 bxc4 18. Qxc4 Rab8 19. Bd4 Bxd4 20. Rxd4 Qf5
21. Re1 Qf6 22. Qc3 Rfe8 23. Rde4 Qxc3+ 24. bxc3 Rb5 25. d6 e6 26. Rc4 cxd6 27.
cxd6 Rd8 28. Rd1 Rb6 29. d7 Kf8 30. Rc7 Ra6 31. c4 Ke7 32. c5 Rxa2 33. c6 Ra5
34. Rd2 1-0

[Event "I Torneo Tecnológico Bali"]
[Site "Benidorm ESP"]
[Date "2007.12.06"]
[Round "5.11"]
[White "Sahelices Casado, Roberto"]
[Black "Frick, Christoph"]
[Result "1/2-1/2"]
[WhiteElo "2117"]
[BlackElo "2265"]
[PlyCount "86"]
[EventDate "2007.12.01"]
[EventType "swiss"]
[EventRounds "8"]
[EventCountry "ESP"]
[Source "lmi"]
[SourceDate "2007.12.01"]

1. e4 c5 2. Nf3 d6 3. d4 cxd4 4. Nxd4 Nf6 5. Nc3 a6 6. Be2 e6 7. O-O Be7 8. Qd3
O-O 9. Qg3 b5 10. Bf3 Ne8 11. e5 d5 12. a3 Bb7 13. Bf4 g6 14. a4 b4 15. Nce2
Nd7 16. Bg4 Nc5 17. Bh6 Ng7 18. Nf4 Re8 19. Rfd1 Rc8 20. Qe3 Qd7 21. Nd3 Nxd3
22. Rxd3 Nf5 23. Bxf5 exf5 24. a5 Bd6 25. Bf4 Rc4 26. b3 Rcc8 27. Qe1 Qe7 28.
Qd2 Bxe5 29. Bxe5 Qxe5 30. Qxb4 f4 31. g3 Rc7 32. Rf3 fxg3 33. hxg3 Ree7 34.
Qb6 Qh5 35. Kg2 Qg4 36. Rh1 Qd7 37. Rc3 h5 38. b4 Rc8 39. Rxc8+ Qxc8 40. b5
axb5 41. Qxb5 Ba6 42. Qc6 Qxc6 43. Nxc6 Rb7 1/2-1/2

[Event "I Torneo Tecnológico Bali"]
[Site "Benidorm ESP"]
[Date "2007.12.06"]
[Round "5.12"]
[White "Garcia Domingo, Jose Antonio"]
[Black "Maseda Iglesias, Luis"]
[Result "1-0"]
[WhiteElo "1987"]
[BlackElo "1976"]
[PlyCount "121"]
[EventDate "2007.12.01"]
[EventType "swiss"]
[EventRounds "8"]
[EventCountry "ESP"]
[Source "lmi"]
[SourceDate "2007.12.01"]

1. d4 d5 2. Nf3 Nf6 3. Bf4 c5 4. e3 e6 5. c3 Nc6 6. Nbd2 Bd6 7. Ne5 Qc7 8. Ndf3
O-O 9. Bd3 c4 10. Bc2 Ne4 11. Qe2 f5 12. h4 a5 13. a4 Ra6 14. h5 Rb6 15. Rb1
Nxe5 16. Nxe5 h6 17. f3 Ng5 18. Ng6 Re8 19. O-O Bd7 20. Qf2 Bxf4 21. exf4 Nf7
22. g4 Nh8 23. Ne5 Nf7 24. Kg2 Ra6 25. Kh3 Rb6 26. Rg1 Nxe5 27. fxe5 Qd8 28.
gxf5 exf5 29. f4 Re7 30. Bd1 Kh8 31. Ra1 Qe8 32. Bf3 Be6 33. Rg6 Qd7 34. Rag1
Ra6 35. Qh4 Rc6 36. R6g2 Rc7 37. Bd1 Qe8 38. Rg6 Rc8 39. Kh2 Rb8 40. R1g2 Qf8
41. Bf3 b5 42. axb5 Rxb5 43. Kg1 a4 44. Qe1 a3 45. bxa3 Qa8 46. a4 Rb3 47. Kh2
Ra3 48. Bd1 Qb7 49. Qg3 Qd7 50. Bc2 Ra2 51. Qh4 Rf7 52. Qe1 Rb2 53. a5 Qc8 54.
Qg3 Rc7 55. a6 Ra2 56. Rxg7 Rxc2 57. Rxc7 Rxg2+ 58. Qxg2 Qxc7 59. Qg6 Qe7 60.
Qxh6+ Kg8 61. Qg5+ 1-0

[Event "I Torneo Tecnológico Bali"]
[Site "Benidorm ESP"]
[Date "2007.12.07"]
[Round "6.2"]
[White "Contreras Poblete, Juan Antonio"]
[Black "Fenollar Jorda, Manuel"]
[Result "1/2-1/2"]
[WhiteElo "1883"]
[BlackElo "2261"]
[PlyCount "55"]
[EventDate "2007.12.01"]
[EventType "swiss"]
[EventRounds "8"]
[EventCountry "ESP"]
[Source "lmi"]
[SourceDate "2007.12.01"]

1. g3 d5 2. Bg2 Nf6 3. Nf3 g6 4. O-O Bg7 5. c4 O-O 6. d4 c6 7. cxd5 cxd5 8. Ne5
Ng4 9. Nf3 Nf6 10. Nc3 Ne4 11. Ne5 Bf5 12. Be3 Nxc3 13. bxc3 Nc6 14. Qb3 e6 15.
Nxc6 bxc6 16. Qa3 Re8 17. Bf4 e5 18. Bxe5 Bxe5 19. dxe5 Rxe5 20. e3 Qe7 21.
Qxe7 Rxe7 22. Rfc1 Rd7 23. h4 Rc8 24. a4 Rb8 25. c4 Rb4 26. cxd5 cxd5 27. a5 d4
28. exd4 1/2-1/2

[Event "I Torneo Tecnológico Bali"]
[Site "Benidorm ESP"]
[Date "2007.12.07"]
[Round "6.4"]
[White "Ruiz Alonso, Carlos"]
[Black "Pardo Simon, David"]
[Result "1/2-1/2"]
[WhiteElo "1697"]
[BlackElo "2173"]
[PlyCount "67"]
[EventDate "2007.12.01"]
[EventType "swiss"]
[EventRounds "8"]
[EventCountry "ESP"]
[Source "lmi"]
[SourceDate "2007.12.01"]

1. d4 Nf6 2. Nf3 e6 3. c4 b6 4. g3 Ba6 5. b3 Bb7 6. Bg2 Bb4+ 7. Bd2 a5 8. O-O
O-O 9. Qc2 d6 10. Nc3 Nbd7 11. Rfe1 Bxc3 12. Bxc3 Be4 13. Qc1 a4 14. b4 b5 15.
cxb5 Qb8 16. Bf1 Qxb5 17. Nd2 Qb7 18. a3 h6 19. Bb2 Bc6 20. Qc2 Rfc8 21. Rac1
Bb5 22. Bg2 c6 23. e4 d5 24. e5 Nh7 25. Bf3 Nb6 26. Re3 Nf8 27. Bh5 Qe7 28. Rc3
Qg5 29. Qd1 Nfd7 30. Be2 Qd8 31. Kg2 Ra7 32. Bd3 Bxd3 33. Rxd3 Rac7 34. Rdc3
1/2-1/2

[Event "I Torneo Tecnológico Bali"]
[Site "Benidorm ESP"]
[Date "2007.12.07"]
[Round "6.5"]
[White "Corbalan Gomez, Juan Jose"]
[Black "O'Neill de Tyrone y Daneyko, Jose Antonio"]
[Result "1/2-1/2"]
[WhiteElo "2144"]
[BlackElo "2045"]
[PlyCount "104"]
[EventDate "2007.12.01"]
[EventType "swiss"]
[EventRounds "8"]
[EventCountry "ESP"]
[Source "lmi"]
[SourceDate "2007.12.01"]

1. e4 c5 2. Nf3 d6 3. Nc3 Nf6 4. d4 cxd4 5. Qxd4 Nc6 6. Bb5 Bd7 7. Bxc6 Bxc6 8.
Bg5 e6 9. O-O-O Be7 10. Rhe1 O-O 11. e5 dxe5 12. Qh4 Qb6 13. Nxe5 Rfd8 14. Ng4
Nxg4 15. Bxe7 Rxd1+ 16. Rxd1 f5 17. f3 Ne3 18. Rd2 Re8 19. b3 e5 20. Bd6 f4 21.
Qh5 Qa5 22. Kb2 g6 23. Qh4 Qd8 24. Qf2 Qb6 25. Ka1 g5 26. Rd3 e4 27. fxe4 Bxe4
28. Nxe4 Rxe4 29. Qd2 Re8 30. h4 Qc6 31. hxg5 Qxg2 32. Qxg2 Nxg2 33. Kb2 Rd8
34. Kc3 Kf7 35. Kd2 Ke6 36. Bc5 Rxd3+ 37. Kxd3 Kf5 38. Bxa7 Ne1+ 39. Kd2 Nf3+
40. Ke2 Nxg5 41. a4 f3+ 42. Kf1 Ne4 43. b4 Nc3 44. a5 Ke4 45. Bf2 Kd5 46. Be1
Nb5 47. Kf2 Na3 48. c3 Ke4 49. c4 Nxc4 50. b5 Nd6 51. a6 bxa6 52. bxa6 Nb5
1/2-1/2

[Event "I Torneo Tecnológico Bali"]
[Site "Benidorm ESP"]
[Date "2007.12.07"]
[Round "6.9"]
[White "Maseda Iglesias, Luis"]
[Black "Sahelices Casado, Roberto"]
[Result "1/2-1/2"]
[WhiteElo "1976"]
[BlackElo "2117"]
[PlyCount "92"]
[EventDate "2007.12.01"]
[EventType "swiss"]
[EventRounds "8"]
[EventCountry "ESP"]
[Source "lmi"]
[SourceDate "2007.12.01"]

1. d4 d5 2. c4 dxc4 3. Nf3 e6 4. e3 a6 5. Bxc4 c5 6. O-O Nf6 7. a4 Nc6 8. Qe2
Qc7 9. Nc3 Bd6 10. Rd1 O-O 11. h3 b6 12. d5 exd5 13. Bxd5 Bb7 14. e4 Rae8 15.
Be3 Bf4 16. a5 Bxe3 17. axb6 Bxf2+ 18. Qxf2 Qxb6 19. Na4 Qb5 20. Nxc5 Nxd5 21.
Rxd5 Rxe4 22. Rg5 Re2 23. Nxb7 Rxf2 24. Rxb5 Rxf3 25. Rb6 Rf6 26. Raxa6 Rc8 27.
Ra4 Re6 28. Rc4 Kf8 29. Nc5 Ree8 30. b4 Ne5 31. Rc1 Rc6 32. Rxc6 Nxc6 33. b5
Nd4 34. Rb1 Rc8 35. Na6 Ra8 36. Nc7 Rb8 37. b6 Ne6 38. Nd5 Ke8 39. Ne3 Kd7 40.
Nc4 Kc6 41. Ne5+ Kd5 42. Nxf7 Rb7 43. g3 Kc5 44. Ne5 Nd4 45. Kf2 Nb5 46. Rc1+
Kxb6 1/2-1/2

[Event "I Torneo Tecnológico Bali"]
[Site "Benidorm ESP"]
[Date "2007.12.08"]
[Round "7.2"]
[White "Molina Cabaleiro, Juan Jose"]
[Black "Jordan Martinez, David"]
[Result "1/2-1/2"]
[WhiteElo "1840"]
[BlackElo "2146"]
[PlyCount "66"]
[EventDate "2007.12.01"]
[EventType "swiss"]
[EventRounds "8"]
[EventCountry "ESP"]
[Source "lmi"]
[SourceDate "2007.12.01"]

1. d4 Nf6 2. c4 e6 3. Nc3 Bb4 4. Qc2 O-O 5. a3 Bxc3+ 6. Qxc3 b6 7. Nf3 Bb7 8.
e3 Ne4 9. Qc2 f5 10. Bd3 Rf6 11. O-O Rg6 12. g3 d6 13. d5 exd5 14. cxd5 Nd7 15.
Nd4 Bxd5 16. Nxf5 Qe8 17. f3 Nec5 18. Nh4 Rh6 19. e4 Bb3 20. Bc4+ Bxc4 21.
Qxc4+ Qe6 22. Qc2 Rf6 23. b4 Nb3 24. Rb1 Nxc1 25. Rbxc1 c5 26. Rfd1 g6 27. Rd5
Qe7 28. Rcd1 Re8 29. Qc4 Kg7 30. Qc3 Kg8 31. Qc4 Kg7 32. Qc3 Kg8 33. Qc4 Kg7
1/2-1/2

[Event "I Torneo Tecnológico Bali"]
[Site "Benidorm ESP"]
[Date "2007.12.08"]
[Round "7.3"]
[White "Blanco Gutierrez, Pedro"]
[Black "Fenollar Jorda, Manuel"]
[Result "0-1"]
[WhiteElo "2115"]
[BlackElo "2261"]
[PlyCount "122"]
[EventDate "2007.12.01"]
[EventType "swiss"]
[EventRounds "8"]
[EventCountry "ESP"]
[Source "lmi"]
[SourceDate "2007.12.01"]

1. d4 Nf6 2. Bg5 Ne4 3. Bf4 c5 4. f3 Qa5+ 5. c3 Nf6 6. Nd2 cxd4 7. Nb3 Qb6 8.
Qxd4 Nc6 9. Qxb6 axb6 10. Be3 b5 11. Bd2 e5 12. e4 b4 13. c4 d6 14. Bd3 Nd7 15.
Be3 Nc5 16. Nxc5 dxc5 17. Ne2 Be6 18. Kf2 Bd6 19. Rhd1 O-O 20. a3 bxa3 21. Rxa3
Rxa3 22. bxa3 Ra8 23. Nc3 Rxa3 24. Nb5 Ra2+ 25. Kg3 Bf8 26. Nc7 Bc8 27. Rd2
Rxd2 28. Bxd2 Nd4 29. Kf2 f6 30. Nd5 Kf7 31. Ke3 Bd7 32. Ba5 Bd6 33. Nb6 Bc6
34. Nd5 Ba4 35. Kf2 Ke6 36. Bb6 Bd1 37. Ba5 Bb3 38. Bb6 Kf7 39. Ne3 Ke8 40. Ba5
Kd7 41. Bc3 Bc7 42. Nd5 Nc6 43. Ne3 Ba5 44. Bxa5 Nxa5 45. Ke1 Ke6 46. Kd2 Ba4
47. Bc2 Bd7 48. Kc3 Nc6 49. Ba4 Kd6 50. Bxc6 Kxc6 51. Kd3 b5 52. cxb5+ Kxb5 53.
Kc3 Kb6 54. Nd5+ Kc6 55. Ne3 Be6 56. Nc2 h5 57. Ne3 Kd6 58. Nc2 g6 59. Ne3 f5
60. Kd3 f4 61. Nf1 g5 0-1

[Event "I Torneo Tecnológico Bali"]
[Site "Benidorm ESP"]
[Date "2007.12.08"]
[Round "7.4"]
[White "Pardo Simon, David"]
[Black "Rodriguez Gonzalez, Alex"]
[Result "1-0"]
[WhiteElo "2173"]
[BlackElo "2088"]
[PlyCount "147"]
[EventDate "2007.12.01"]
[EventType "swiss"]
[EventRounds "8"]
[EventCountry "ESP"]
[Source "lmi"]
[SourceDate "2007.12.01"]

1. e4 d6 2. d4 Nf6 3. Nc3 g6 4. f3 c6 5. Be3 b5 6. Qd2 Nbd7 7. g4 Nb6 8. h4 h5
9. g5 Nfd7 10. d5 Ne5 11. dxc6 Nbc4 12. Bxc4 Nxc4 13. Qd3 Bg7 14. Nge2 a6 15.
Nd5 Be6 16. Bd4 Nxb2 17. Qd2 Nc4 18. Qc3 Bxd4 19. Nxd4 Bxd5 20. exd5 O-O 21.
O-O-O Nb6 22. Qb3 Na4 23. Qb4 Qc8 24. Qe1 Qc7 25. f4 Qa7 26. Nb3 Rae8 27. f5 b4
28. Qxb4 Qe3+ 29. Qd2 Qe5 30. Qd4 Nc3 31. Qxe5 dxe5 32. Rd3 Nxa2+ 33. Kb2 Nb4
34. Rd2 e4 35. Kc3 Rb8 36. f6 exf6 37. c7 Rb6 38. d6 Nd3 39. cxd3 e3 40. Rc2
Rxd6 41. Kb4 Rc8 42. gxf6 Rxd3 43. Re1 Kh7 44. Rc6 Rd7 45. Rxe3 Rdxc7 46. Rxc7
Rxc7 47. Re7 Rc6 48. Rxf7+ Kg8 49. Rg7+ Kf8 50. Rxg6 Kf7 51. Rg5 Rb6+ 52. Kc4
Rxf6 53. Nd4 Rh6 54. Kd3 Rh8 55. Rf5+ Kg7 56. Ne6+ Kg6 57. Ra5 Kf6 58. Nf4 Rd8+
59. Ke4 Re8+ 60. Kf3 Ra8 61. Nxh5+ Kg6 62. Nf4+ Kh6 63. h5 Ra7 64. Kg4 Rg7+ 65.
Kh4 Ra7 66. Nd5 Kh7 67. Nf6+ Kg7 68. Kg5 Kf7 69. h6 Ra8 70. Rd5 Rb8 71. Rd7+
Ke6 72. h7 a5 73. Ng8 Rb5+ 74. Kg6 1-0

[Event "I Torneo Tecnológico Bali"]
[Site "Benidorm ESP"]
[Date "2007.12.08"]
[Round "7.5"]
[White "O'Neill de Tyrone y Daneyko, Jose Antonio"]
[Black "Ruiz Alonso, Carlos"]
[Result "1/2-1/2"]
[WhiteElo "2045"]
[BlackElo "1697"]
[PlyCount "55"]
[EventDate "2007.12.01"]
[EventType "swiss"]
[EventRounds "8"]
[EventCountry "ESP"]
[Source "lmi"]
[SourceDate "2007.12.01"]

1. e4 e5 2. Nf3 Nc6 3. Bb5 a6 4. Ba4 Nf6 5. O-O Bc5 6. c3 b5 7. Bb3 d6 8. a4
Bg4 9. h3 Bh5 10. d3 Rb8 11. axb5 axb5 12. Be3 Bxe3 13. fxe3 O-O 14. Nbd2 h6
15. Qe1 Bxf3 16. Nxf3 Ra8 17. Rxa8 Qxa8 18. Qg3 Ne7 19. Nh2 Kh8 20. Ng4 Neg8
21. Qh4 Qa7 22. d4 Nxg4 23. hxg4 c5 24. g5 c4 25. gxh6 Nxh6 26. Bd1 f6 27. Bh5
b4 28. Qh3 1/2-1/2